000
00471nam a2200181Ia 4500
008
090123s9999 xx 000 0 und d
082
_b
4013
_a
891.464/भावे
100
_a
भावे पु. भा.
245
_a
स्मरणी
250
_a
1
260
_c
1975
300
_a
145
600
_a
भावे पु. भा.
630
_a
स्मरणी
700
_a
भावे पु. भा.
730
_a
स्मरणी
942
_c
BOOK
999
_c
42090
_d
42090